| 000 | 01051nam2a2200289 4500 | ||
|---|---|---|---|
| 001 | RU\NLR\bibl\1154569 | ||
| 005 | 20250615081220.0 | ||
| 010 |
_a978-5-91250-078-7 _910000 |
||
| 021 |
_aRU _b2007-70330 _93779 |
||
| 021 |
_aRU _b2007-70287 _93777 |
||
| 035 | _a(NLR Aleph) 001141350 | ||
| 090 |
_a1419691 _c1419691 |
||
| 100 | _a20071115d2007 |||y0rusy50 ca | ||
| 101 | 1 |
_arus _ceng |
|
| 102 | _aRU | ||
| 105 | _ay ||||||||| | ||
| 200 | 1 |
_aМинуя веху _dPassing the marker _eключи к пониманию энергии нового тысячелетия _zeng |
|
| 210 |
_d2007 _aБ. м. |
||
| 215 | _a443 с. | ||
| 320 | _aБиблиогр. в подстроч. прим. | ||
| 461 | 0 |
_1001RU\NLR\bibl\1071778 _12001#$aКрайон$v[Кн. 8] _9926572 _aКрайон (дух) _cМосква _d2007 _fКэрролл Ли _lKryon _nСофия _o[сборник _tКрайон _v[Кн. 8] |
|
| 510 | 0 |
_aPassing the marker _zeng |
|
| 801 | 0 |
_aRU _bNLR _c20071115 _gRCR |
|
| 801 | 1 |
_aRU _bNLR _c20071115 |
|
| 942 | _cBOOK | ||
| 980 | _aNB | ||